wszyscy zawodnicy PGE IMME 2023 na żużlu - Statystyki

Ogólne statystyki
  • Ten quiz został rozwiązany 91 razy
  • Średni wynik to 12 z 15
Statystyki odpowiedzi
Hint Odpowiedź % Poprawnych
1 bartosz zmarzlik
97%
3 leon madsen
92%
6 maciej janowski
89%
7 janusz kołodziej
86%
13 dominik kubera
82%
5 martin vaculik
82%
12 chris holder
81%
2 patryk dudek
79%
15 Anders Thomsen
78%
11 fredrik lindgren
75%
8 mikkel michelsen
74%
4 nicki pedersen
71%
14 robert lambert
71%
10 kacper woryna
63%
9 jakub miśkowiak
42%
Nie znaleziono quizów pasujących do podanych kryteriów
Rozkład punktacji
Procent ludzi z każdym wynikiem
Percentyl według liczby udzielonych odpowiedzi
Twoja historia wyników
Nie rozwiązałeś tego quizu